[Event "N4B2 Tournefeuille 2 - Montauban"]
[Site "?"]
[Date "2003.11.16"]
[Round "2.6"]
[White "De Jong, Arjen"]
[Black "Devos, Hervé"]
[Result "1/2-1/2"]
[WhiteElo "1810"]
[BlackElo "1760"]
[EventDate "2003.??.??"]
[PlyCount "65"]

1.e4 d6 2.d4 Nf6 3.Nc3 g6 4.Bc4 Bg7 5.Bb3 c6 6.h3 b5 7.a3 a6 8.Nf3 O-O 9.
O-O Nbd7 10.Re1 e5 11.dxe5 dxe5 12.Bg5 Qc7 13.Qe2 Nc5 14.Ba2 Be6 15.b3 
Rad8 16.Rad1 Rd7 17.Bh4 h6 18.Bxf6 Rxd1 19.Rxd1 Bxf6 20.Qe3 Qe7 21.Qxh6 
Nd7 22.h4 Bg4 23.b4 Bh5 24.g4 Bg7 25.Qg5 Bf6 26.Qh6 Bg7 27.Qg5 Bf6 28.Qe3 
Bxg4 29.Kg2 Bxf3+ 30.Qxf3 Bxh4 31.Ne2 Kg7 32.Rh1 Qf6 33.Rh3 1/2-1/2

[Event "N4B2 Tournefeuille 2 - Montauban"]
[Site "?"]
[Date "2003.11.16"]
[Round "2.5"]
[White "Fourcade, Philippe"]
[Black "Hoareau, Nicolas"]
[Result "0-1"]
[WhiteElo "1690"]
[BlackElo "1890"]
[EventDate "2003.??.??"]
[PlyCount "158"]

1.e4 e6 2.d4 d5 3.e5 c5 4.c3 Nc6 5.Nf3 Bd7 6.Nbd2 cxd4 7.cxd4 Qa5 8.Be2 
Nh6 9.O-O Nf5 10.Nb3 Qb6 11.g4 Nh6 12.h3 Rc8 13.Be3 Nb4 14.Nc5 Bb5 15.
Bxb5+ Qxb5 16.a3 Nc6 17.b4 Ng8 18.Rb1 Qb6 19.Ng5 Bxc5 20.bxc5 Qa6 21.Qb3 
Nd8 22.a4 Ne7 23.Qb5+ Rc6 24.f4 O-O 25.Bd2 h6 26.Nf3 Rc8 27.Qxa6 bxa6 28.
Rb3 Ndc6 29.Rfb1 Rb8 30.Rxb8 Rxb8 31.Rxb8+ Nxb8 32.a5 Nbc6 33.Kf2 Kf8 34.
Ke3 Ke8 35.Ne1 Nd8 36.Nc2 Nec6 37.Na1 Nb7 38.Nb3 Kd7 39.h4 Ne7 40.h5 Kc6 
41.Kd3 Kb5 42.Kc2 Kc4 43.Be3 Nd8 44.Bf2 Nec6 45.Be3 Nb4+ 46.Kb2 Ndc6 47.f5
Kd3 48.fxe6 fxe6 49.Bxh6 gxh6 50.g5 hxg5 51.h6 Ne7 52.Ka3 Nbc6 53.h7 Ng6 
54.Nc1+ Kxd4 55.Ne2+ Kxc5 56.Ka4 Ncxe5 57.Ng3 Nd7 58.Nh5 Ndf8 59.Nf6 Nxh7 
60.Nxh7 g4 61.Ng5 Nf4 62.Kb3 Kb5 63.Kc3 e5 64.Nf7 g3 65.Nxe5 g2 66.Nf3 
Ne2+ 67.Kd2 g1=Q 68.Kxe2 Qg2+ 69.Ke3 Kxa5 70.Nd2 Kb4 71.Nf3 Kc3 72.Ne5 
Qe4+ 73.Kf2 Qxe5 74.Kf3 Qe4+ 75.Kf2 Kd3 76.Kf1 Qe2+ 77.Kg1 Ke3 78.Kh1 Kf3 
79.Kg1 Qg2# 0-1

[Event "N4B2 Tournefeuille 2 - Montauban"]
[Site "?"]
[Date "2003.11.16"]
[Round "2.4"]
[White "Forestie, Pierre"]
[Black "Josserand, Pascal"]
[Result "0-1"]
[WhiteElo "1940"]
[BlackElo "1880"]
[EventDate "2003.??.??"]
[PlyCount "78"]

1.e4 e6 2.d4 d5 3.exd5 exd5 4.Bd3 Nf6 5.h3 Bd6 6.Qf3 Nbd7 7.Ne2 c5 8.c3 c4
9.Bc2 b5 10.a3 Bb7 11.O-O Qc7 12.Re1 O-O-O 13.Bf4 Rde8 14.Nd2 Rxe2 15.Rxe2
Bxf4 16.Nf1 h5 17.g3 Bd6 18.a4 b4 19.cxb4 Bxb4 20.b3 Ba6 21.bxc4 Bxc4 22.
Bd3 a5 23.Rc1 Nb6 24.Ne3 Kb8 25.Rec2 Rc8 26.g4 hxg4 27.hxg4 Rh8 28.Qg2 Qf4
29.Bxc4 dxc4 30.g5 Ne4 31.g6 Nd2 32.gxf7 Nf3+ 33.Kf1 Qxf7 34.Rd1 c3 35.Ke2
Nd2 36.Rg1 Rf8 37.Nd1 Qc4+ 38.Ke3 Re8+ 39.Kf4 Qxd4+ 0-1

[Event "N4B2 Tournefeuille 2 - Montauban"]
[Site "?"]
[Date "2003.11.16"]
[Round "2.3"]
[White "Jacquart, Christian"]
[Black "Gregory, Daniel"]
[Result "1-0"]
[WhiteElo "1860"]
[BlackElo "2046"]
[EventDate "2003.??.??"]
[PlyCount "95"]

1.d4 Nf6 2.Nf3 g6 3.Bf4 c5 4.c3 Qb6 5.Qc1 cxd4 6.cxd4 Nc6 7.e3 Bg7 8.Nc3 
d6 9.Bd3 Bg4 10.Nd2 O-O 11.h3 Nb4 12.Bb1 Be6 13.O-O Rac8 14.Bg3 Rc7 15.
Nde4 Nxe4 16.Bxe4 Nxa2 17.Qd2 Nb4 18.Na4 Qb5 19.Nc3 Qd7 20.Rxa7 Nc6 21.
Raa1 Bc4 22.Rfc1 b5 23.b3 Bxb3 24.Nxb5 Rcc8 25.Ra3 d5 26.Rxb3 dxe4 27.Qe2 
e5 28.Rbb1 exd4 29.exd4 Nxd4 30.Nxd4 Rxc1+ 31.Rxc1 Qxd4 32.Rc4 Qa1+ 33.Kh2
f5 34.Rc7 Be5 35.Qc4+ Kh8 36.Bxe5+ Qxe5+ 37.Kh1 Ra8 38.Rc8+ Rxc8 39.Qxc8+ 
Kg7 40.Qd7+ Kh6 41.Qf7 f4 42.Qf8+ Kh5 43.Qf7 h6 44.Qf8 Qg5 45.Kh2 e3 46.
g4+ fxg3+ 47.fxg3 Qe5 48.Qf3+ 1-0

[Event "N4B2 Tournefeuille 2 - Montauban"]
[Site "?"]
[Date "2003.11.16"]
[Round "2.2"]
[White "Perramond, Henri-Pierre"]
[Black "Bollengier, Andreea"]
[Result "1/2-1/2"]
[WhiteElo "2172"]
[BlackElo "2182"]
[EventDate "2003.??.??"]
[PlyCount "42"]

1.d4 Nf6 2.Nf3 e6 3.e3 b6 4.Bd3 Bb7 5.Nbd2 c5 6.O-O Be7 7.c3 O-O 8.Qe2 d5 
9.e4 dxe4 10.Nxe4 cxd4 11.Nxd4 Nbd7 12.Bg5 h6 13.Bh4 Bd5 14.Nxf6+ Bxf6 15.
Bxf6 Qxf6 16.Be4 Bxe4 17.Qxe4 e5 18.Nf5 Nc5 19.Qc2 e4 20.Nd4 Rae8 21.Rae1 
Qg6 1/2-1/2

[Event "N4B2 Tournefeuille 2 - Montauban"]
[Site "?"]
[Date "2003.11.16"]
[Round "2.1"]
[White "Aguirre, Simon"]
[Black "Zarrouati, Pierre"]
[Result "1/2-1/2"]
[WhiteElo "2198"]
[BlackElo "2169"]
[EventDate "2003.??.??"]
[PlyCount "51"]

1.Nf3 Nf6 2.c4 c5 3.Nc3 Nc6 4.d4 cxd4 5.Nxd4 d6 6.g3 g6 7.Bg2 Nxd4 8.Qxd4 
Bg7 9.O-O O-O 10.Qd3 Nd7 11.b3 Rb8 12.Bd2 a6 13.a4 b6 14.Rab1 Bb7 15.Nd5 
Bxd5 16.Bxd5 b5 17.cxb5 axb5 18.Bg5 h6 19.Bd2 e6 20.Bg2 Nc5 21.Qc2 b4 22.
Rfd1 Qf6 23.Be1 Rfc8 24.Rxd6 Nxa4 25.Rc6 Nc3 26.Bxc3 1/2-1/2

[Event "N4B2 Rodez - Lardenne"]
[Site "?"]
[Date "2003.11.16"]
[Round "2.7"]
[White "Gond, Christophe"]
[Black "Foing, Marc"]
[Result "1/2-1/2"]
[WhiteElo "1499"]
[BlackElo "1499"]
[EventDate "2003.??.??"]
[PlyCount "60"]

1.e4 d6 2.Nf3 Nf6 3.Nc3 g6 4.Bc4 c6 5.d4 Bg7 6.e5 Ne4 7.O-O d5 8.Bb3 Bf5 
9.Nxe4 Bxe4 10.c4 O-O 11.Be3 Nd7 12.Ng5 Nb6 13.Nxe4 dxe4 14.Qg4 f5 15.exf6
exf6 16.Qxe4 f5 17.Qf4 Re8 18.Rad1 Re4 19.c5+ Nd5 20.Qf3 Kh8 21.Bxd5 Qxd5 
22.Rd2 Rf8 23.Bf4 Bxd4 24.Rfd1 Qxc5 25.Be3 Bxe3 26.fxe3 Qxe3+ 27.Qxe3 Rxe3
28.Rd7 b6 29.Kf2 Rfe8 30.R1d2 R3e4 1/2-1/2

[Event "N4B2 Rodez - Lardenne"]
[Site "?"]
[Date "2003.11.16"]
[Round "2.6"]
[White "Tran, Vinh Loc"]
[Black "De Biasi, Robert"]
[Result "1/2-1/2"]
[WhiteElo "1440"]
[BlackElo "1680"]
[EventDate "2003.??.??"]
[PlyCount "142"]

1.e4 c5 2.Nf3 d6 3.Bc4 Nf6 4.Nc3 a6 5.a3 e6 6.d3 Nc6 7.Ne2 Be7 8.c3 O-O 9.
Qc2 b5 10.Ba2 Bb7 11.b4 cxb4 12.axb4 Rc8 13.Bb2 Nxb4 14.Qd2 Nxa2 15.Rxa2 
Qb6 16.O-O e5 17.Ng3 Ne8 18.d4 exd4 19.cxd4 Nf6 20.d5 Rc4 21.Bxf6 Bxf6 22.
Qf4 Bxd5 23.Rd2 Bd4 24.Nxd4 Rxd4 25.Rxd4 Qxd4 26.Qxd6 b4 27.exd5 b3 28.
Qxa6 Qxd5 29.Rb1 Rb8 30.Qa4 Qd3 31.Qe4 Qd2 32.Qe5 Rc8 33.Qb5 h6 34.Qxb3 
Rc2 35.Qb8+ Kh7 36.Qb6 Qd3 37.Rf1 f5 38.Qb7 Rc4 39.Nh5 Qd4 40.Qf7 Qc3 41.
Qxf5+ Kg8 42.Qe6+ Kh7 43.h3 Rc5 44.Nf4 Rg5 45.Re1 Qd2 46.Qe4+ Kh8 47.Ng6+ 
Rxg6 48.Re2 Qd1+ 49.Kh2 Kh7 50.f4 Qb3 51.Re3 Qb8 52.Rg3 Qd6 53.Qxg6+ Qxg6 
54.Rxg6 Kxg6 55.Kg3 Kh5 56.h4 Kg6 57.Kf3 Kh5 58.g3 g6 59.Kf2 Kg4 60.Kg2 h5
61.Kf2 Kf5 62.Kf3 Kf6 63.Ke4 Ke6 64.Ke3 Kf5 65.Kf3 Kf6 66.g4 hxg4+ 67.Kxg4
Kg7 68.Kg5 Kf7 69.h5 gxh5 70.Kxh5 Kf6 71.Kg4 Kg6 1/2-1/2

[Event "N4B2 Rodez - Lardenne"]
[Site "?"]
[Date "2003.11.16"]
[Round "2.5"]
[White "Bonnavenc, Arnaud"]
[Black "Reynes, Philippe"]
[Result "1/2-1/2"]
[WhiteElo "1690"]
[BlackElo "1690"]
[EventDate "2003.??.??"]
[PlyCount "63"]

1.e4 e6 2.d4 b6 3.Nf3 Bb7 4.e5 c5 5.Bg5 Qc7 6.c3 cxd4 7.cxd4 Nc6 8.Be2 h6 
9.Bh4 Bb4+ 10.Nbd2 Nxd4 11.O-O Nxe2+ 12.Qxe2 Bxd2 13.Nxd2 g5 14.Rac1 Qd8 
15.Bg3 Ne7 16.Ne4 Bxe4 17.Qxe4 Nd5 18.f4 gxf4 19.Bxf4 Rc8 20.Rcd1 b5 21.
Bg3 Rc4 22.Qf3 Rf8 23.Rd3 a5 24.Qd1 Qg5 25.Qb3 Rc1 26.Qxb5 Rxf1+ 27.Kxf1 
Qc1+ 28.Kf2 Qc2+ 29.Kf1 f6 30.Qb8+ Ke7 31.Qd6+ Ke8 32.Qb8+ 1/2-1/2

[Event "N4B2 Rodez - Lardenne"]
[Site "?"]
[Date "2003.11.16"]
[Round "2.4"]
[White "Parpinel, Mario"]
[Black "Donadille, Guy"]
[Result "0-1"]
[WhiteElo "1730"]
[BlackElo "1700"]
[EventDate "2003.??.??"]
[PlyCount "114"]

1.e4 e6 2.d4 d5 3.Nc3 Nf6 4.Bg5 Bb4 5.e5 h6 6.exf6 hxg5 7.fxg7 Rg8 8.h4 
gxh4 9.Qg4 Be7 10.Nf3 Bf6 11.Qh5 Bxg7 12.Rxh4 Qf6 13.Qg4 Bd7 14.Ne5 a6 15.
Qg3 Nc6 16.Rf4 Qh6 17.Nxd7 Kxd7 18.Rxf7+ Ne7 19.Qe3 Qg6 20.Rf3 Nf5 21.Qd2 
Bxd4 22.Rxf5 Bxc3 23.Qxc3 Qxf5 24.f3 Qg5 25.Qb3 Qg3+ 26.Ke2 Qe5+ 27.Kf2 
Qd4+ 28.Ke2 Rg5 29.Qd3 Qxd3+ 30.Kxd3 Rh8 31.Ke3 Kd6 32.Rd1 Rh1 33.g4 e5 
34.c3 c5 35.Kf2 a5 36.Kg2 Rh8 37.b3 b6 38.Bd3 Rf8 39.Kg3 d4 40.cxd4 cxd4 
41.Rc1 Rgg8 42.Rc2 Rc8 43.Rd2 Rg7 44.f4 exf4+ 45.Kxf4 Rf8+ 46.Kg3 Rgf7 47.
Bf5 Kd5 48.Rd3 Rxf5 49.gxf5 Rxf5 50.Kg2 Rf6 51.Rf3 Rc6 52.Rf2 d3 53.Rf5+ 
Ke4 54.Rf8 Rc2+ 55.Kf1 Ke3 56.Re8+ Kd2 57.Rf8 Kc1 0-1

[Event "N4B2 Rodez - Lardenne"]
[Site "?"]
[Date "2003.11.16"]
[Round "2.2"]
[White "Surre, Frédéric"]
[Black "Nghiem, Luat"]
[Result "0-1"]
[WhiteElo "1860"]
[BlackElo "1950"]
[EventDate "2003.??.??"]
[PlyCount "80"]

{24MB. MICROPUPUCE} 
1.e4 c6 2.d4 d5 3.e5 Bf5 4.Nc3 e6 5.g4 Bg6 6.Nge2 f6 7.Nf4 Bf7 8.Qe2 fxe5 
9.Qxe5 Nd7 10.Qe2 Qe7 11.Nd3 O-O-O 12.Bf4 g5 13.Bg3 Bg7 14.Ne5 Nxe5 15.
Bxe5 Bxe5 16.Qxe5 Qf6 17.Ne2 Qxe5 18.dxe5 Ne7 19.Nd4 Ng6 20.Nf3 h6 21.
O-O-O Nf4 22.h4 Bg6 23.Bd3 Bxd3 24.cxd3 gxh4 25.Nxh4 Rdg8 26.f3 h5 27.Kd2 
hxg4 28.Ke3 Rxh4 29.Kxf4 Rf8+ 30.Kg3 Rxh1 31.Rxh1 gxf3 32.Rf1 f2 33.d4 a5 
34.b3 b6 35.Rxf2 Rxf2 36.Kxf2 Kd7 37.a3 c5 38.Ke3 Kc6 39.Kd3 Kb5 40.Kc3 a4
0-1

[Event "N4B2 Rodez - Lardenne"]
[Site "?"]
[Date "2003.11.16"]
[Round "2.1"]
[White "Tanguy, Fabien"]
[Black "Cwiek, Loïc"]
[Result "1/2-1/2"]
[WhiteElo "2086"]
[BlackElo "2046"]
[EventDate "2003.??.??"]
[Annotator "Chess Tiger 14.0 (10s)"]
[PlyCount "64"]

{D13: Gambit Dame (Defense Slave, Variante d'Echange)} 
1.c4 c6 
    ( 1...e5 2.Nc3 $11 )
2.Nc3 d5 3.cxd5 cxd5 4.d4 Nf6 5.Nf3 e6 6.g3 Bd6 7.Bg2 O-O 8.O-O a6 {
Consolide b5} 9.Bg5 h6 10.Bxf6 Qxf6 11.e4 dxe4 12.Nxe4 Qe7 13.Re1 Bb4 14.
Re3 Rd8 15.Ne5 Nd7 
    ( 15...Nc6 16.Rd3 $11 )
16.Nxd7 
    ( 16.Rd3 Ba5 $11 )
16...Qxd7 
    ( 16...Bxd7 17.a3 Ba5 18.Nc5 $15 )
17.Rd3 $11 Rb8 18.Qh5 Qe7 19.Rad1 {les blancs preparent d5} 
    ( 19.a3 Bd6 $11 )
19...Bd7 20.a3 Bd6 21.d5 Bb5 22.R3d2 exd5 
    ( 22...e5 23.Nxd6 Qxd6 24.Rc1 $11 )
23.Nxd6 
    ( {Plus faible est} 23.Qxd5 Bc7 24.Qc5 Rxd2 25.Rxd2 Re8 26.Qxe7 Rxe7 
    $15 )
23...Rxd6 24.Bxd5 
    ( {Pas} 24.Rxd5 Re6 25.Bf1 Bc6 $15 )
24...Rf6 25.Qg4 Re8 {La menace de mat est De1} 26.Qd4 $4 
    ( 26.Bc4 Bxc4 27.Qxc4 Re6 $11 )
26...Bc6 
    ( 26...Qe1+ $1 27.Rxe1 Rxe1+ 28.Kg2 Bf1+ 29.Kg1 Bh3# )
27.Bxc6 $11 Rxc6 28.Qg4 Qe6 
    ( 28...b5 29.Kg2 $11 )
29.Qf3 Rc7 30.Qf4 Rce7 31.Rd3 Qc6 {Menacant mat-comment?} 32.Qf3 Qxf3 
1/2-1/2

[Event "N4B2 Cahors - Castres"]
[Site "?"]
[Date "2003.11.16"]
[Round "2.8"]
[White "Pecatte, Elisabeth"]
[Black "Van Hall, Pieter"]
[Result "0-1"]
[WhiteElo "1410"]
[BlackElo "1710"]
[EventDate "2003.??.??"]
[PlyCount "61"]

1.e4 c5 2.Nf3 Nc6 3.Nc3 e5 4.Bb5 d6 5.O-O Nf6 6.d3 a6 7.Ba4 b5 8.Bb3 Be7 
9.Nd5 O-O 10.Nxe7+ Nxe7 11.a3 h6 12.Ba2 Qc7 13.b4 cxb4 14.axb4 Bg4 15.c4 
Nc6 16.cxb5 axb5 17.Bd2 Nd4 18.h3 Nxf3+ 19.gxf3 Bxh3 20.Re1 Rfc8 21.f4 Qc2
22.Qxc2 Rxc2 23.Bxf7+ Kxf7 24.Rxa8 Rxd2 25.Rea1 Rxd3 26.f5 Ng4 27.R1a7+ 
Kf6 28.Ra1 Rd2 29.R8a2 Rd4 30.f3 Ne3 31.Rb2 0-1

[Event "N4B2 Cahors - Castres"]
[Site "?"]
[Date "2003.11.16"]
[Round "2.7"]
[White "Daval, Christophe"]
[Black "Fournier, Marcellin"]
[Result "1-0"]
[WhiteElo "1710"]
[BlackElo "1410"]
[EventDate "2003.??.??"]
[PlyCount "57"]

1.e4 d6 2.d4 g6 3.Nf3 Bg7 4.Bc4 Nf6 5.Nc3 Bg4 6.Be3 O-O 7.h3 Bxf3 8.Qxf3 
e5 9.O-O-O a6 10.dxe5 b5 11.exf6 Bxf6 12.Bxf7+ Rxf7 13.e5 Nd7 14.exf6 Ne5 
15.Qd5 Qf8 16.Ne4 Kh8 17.Bd4 Rd8 18.Bxe5 Rdd7 19.Ng5 dxe5 20.Nxf7+ Rxf7 
21.Qxe5 h5 22.Rd4 Kh7 23.g4 c5 24.Rf4 Qh6 25.g5 Qf8 26.Re1 Qa8 27.Rfe4 Qa7
28.Qe8 Qc7 29.Re7 1-0

[Event "N4B2 Cahors - Castres"]
[Site "?"]
[Date "2003.11.16"]
[Round "2.6"]
[White "Sandel, Frieder"]
[Black "Thamier, Stephan"]
[Result "1-0"]
[WhiteElo "1499"]
[BlackElo "1880"]
[EventDate "2003.??.??"]
[PlyCount "100"]

1.d4 d5 2.Nf3 Bf5 3.c4 Bxb1 4.Rxb1 dxc4 5.Qa4+ c6 6.Qxc4 Nf6 7.Bf4 e6 8.e3
Nbd7 9.Bd3 Nb6 10.Qb3 Be7 11.O-O O-O 12.Rbc1 Rc8 13.h3 Nfd5 14.Bg3 Bg5 15.
Kh1 f5 16.Rce1 Bf6 17.e4 fxe4 18.Rxe4 Qd7 19.Ne5 Bxe5 20.Bxe5 Nf6 21.Rh4 
Nbd5 22.Qd1 c5 23.dxc5 Rxc5 24.Bxf6 Nxf6 25.Bxh7+ Kf7 26.Qxd7+ Nxd7 27.
Rf4+ Nf6 28.Rd1 Re8 29.Rd7+ Re7 30.Rxe7+ Kxe7 31.Bg6 Rg5 32.Bd3 Rd5 33.Rf3
e5 34.Re3 Kd6 35.Kh2 a6 36.Kg3 Nh5+ 37.Kf3 g5 38.g3 Nf4 39.Be4 Ra5 40.gxf4
exf4 41.Rd3+ Ke5 42.Bxb7 Rxa2 43.Rd5+ Kf6 44.b3 Ra3 45.Rd6+ Ke5 46.Rb6 a5 
47.Rb5+ Kf6 48.Kg4 a4 49.Bd5 axb3 50.Bxb3 Kg6 1-0

[Event "N4B2 Cahors - Castres"]
[Site "?"]
[Date "2003.11.16"]
[Round "2.5"]
[White "Canivet, Christophe"]
[Black "Buiten, Herman"]
[Result "1-0"]
[WhiteElo "1780"]
[BlackElo "1499"]
[EventDate "2003.??.??"]
[PlyCount "59"]

1.e4 c5 2.Nf3 Nc6 3.d4 cxd4 4.Nxd4 d6 5.Bc4 g6 6.O-O Nf6 7.Nc3 Bg7 8.Nxc6 
bxc6 9.e5 Ng8 10.Qf3 d5 11.Nxd5 e6 12.Bg5 Qd7 13.Nf6+ Nxf6 14.exf6 Bf8 15.
Rad1 Qb7 16.Rd3 Bd7 17.Rb3 Qc8 18.Rd1 Bc5 19.Rbd3 O-O 20.Rxd7 Bb6 21.Qh3 
Kh8 22.Bxe6 Qe8 23.Re7 Qb8 24.Qh6 Rg8 25.Bxf7 Qf8 26.Bxg8 Qxh6 27.Bxh6 Bc5
28.Rg7 Bf8 29.Bc4 Bc5 30.Rdd7 1-0

[Event "N4B2 Cahors - Castres"]
[Site "?"]
[Date "2003.11.16"]
[Round "2.4"]
[White "Brugel, Francis"]
[Black "Dervieux, Dominique"]
[Result "1/2-1/2"]
[WhiteElo "1690"]
[BlackElo "1890"]
[EventDate "2003.??.??"]
[PlyCount "59"]

1.Nf3 g6 2.d4 Bg7 3.e4 c6 4.Be3 d5 5.e5 Nh6 6.c3 O-O 7.Bd3 f6 8.O-O Nf7 9.
Bf4 Bg4 10.Re1 fxe5 11.dxe5 Bxf3 12.gxf3 e6 13.Bg3 Ng5 14.f4 Nh3+ 15.Kh1 
Nxf4 16.Bf1 Nh5 17.Qg4 Nxg3+ 18.Qxg3 Qe7 19.Nd2 Nd7 20.Kg1 Qf7 21.Re2 Qf4 
22.Rae1 Rae8 23.Bh3 b6 24.b4 c5 25.a3 g5 26.Bg4 h6 27.Nf3 Re7 28.Qh3 Rfe8 
29.Bh5 Rf8 30.Bg4 1/2-1/2

[Event "N4B2 Cahors - Castres"]
[Site "?"]
[Date "2003.11.16"]
[Round "2.3"]
[White "Van Steenbergen, Alain"]
[Black "Le Doare, William"]
[Result "1/2-1/2"]
[WhiteElo "1800"]
[BlackElo "1790"]
[EventDate "2003.??.??"]
[PlyCount "47"]

1.e4 e5 2.Nf3 Nf6 3.d4 d5 4.dxe5 Nxe4 5.Nbd2 Bd7 6.Nxe4 dxe4 7.Nd4 Bc5 8.
Nb3 Bb6 9.Bf4 Nc6 10.Bc4 Qe7 11.O-O O-O-O 12.Qh5 f6 13.exf6 gxf6 14.a3 Ne5
15.Bxe5 fxe5 16.Bd5 Rdf8 17.Bxe4 Rf4 18.Rae1 Rg4 19.Bf5 Rg5 20.Bxd7+ Kxd7 
21.Qh3+ Qe6 22.Rd1+ Ke7 23.Qxe6+ Kxe6 24.Rde1 1/2-1/2

[Event "N4B2 Cahors - Castres"]
[Site "?"]
[Date "2003.11.16"]
[Round "2.2"]
[White "Le Doare, Bernard"]
[Black "Marty, Damien"]
[Result "1-0"]
[WhiteElo "1820"]
[BlackElo "2070"]
[EventDate "2003.??.??"]
[PlyCount "55"]

1.d4 Nf6 2.c4 e5 3.dxe5 Ng4 4.e6 Qf6 5.exf7+ Qxf7 6.Nf3 Bb4+ 7.Bd2 Qxc4 8.
e3 Bxd2+ 9.Qxd2 Qc5 10.Nc3 Nc6 11.Be2 d6 12.O-O O-O 13.Qd5+ Qxd5 14.Nxd5 
Rf7 15.Ng5 Rf5 16.Nxc7 Rb8 17.Bc4+ Kf8 18.Ne4 b5 19.Be2 Re5 20.Nxd6 Ke7 
21.Nxc8+ Rxc8 22.Nxb5 Nf6 23.Rac1 a6 24.Na3 Nd4 25.Rxc8 Nxe2+ 26.Kh1 Rf5 
27.Rc2 Ng3+ 28.hxg3 1-0

[Event "N4B2 Cahors - Castres"]
[Site "?"]
[Date "2003.11.16"]
[Round "2.1"]
[White "Nivat, Alain"]
[Black "Scandella, Thierry"]
[Result "0-1"]
[WhiteElo "2070"]
[BlackElo "2040"]
[EventDate "2003.??.??"]
[PlyCount "116"]

1.e4 e6 2.Nf3 d5 3.e5 c5 4.b4 cxb4 5.a3 Nc6 6.axb4 Bxb4 7.c3 Be7 8.d4 Bd7 
9.Bd3 Na5 10.O-O a6 11.Re1 Rc8 12.Na3 Nc4 13.Nxc4 dxc4 14.Be4 Bc6 15.Bxc6+
Rxc6 16.d5 Qxd5 17.Nd4 Rc7 18.Qg4 g6 19.f4 Nh6 20.Qh3 Nf5 21.Nxf5 gxf5 22.
Be3 Bc5 23.Bxc5 Qxc5+ 24.Kh1 Rd7 25.Qh6 Qf8 26.Qf6 Rg8 27.Qh4 Qg7 28.Qf2 
Qg4 29.Ra2 Rd1 30.Re2 Rxe1+ 31.Rxe1 Kf8 32.Qc5+ Kg7 33.Qxc4 Kh6 34.Rg1 b5 
35.Qc7 Rg7 36.Qe7 Qxf4 37.Qf6+ Rg6 38.Qxf7 Qxe5 39.Qa7 Qxc3 40.Qxa6 b4 41.
Qd6 b3 42.Qf4+ Kh5 43.Rc1 Qd3 44.h3 Qg3 45.Qd2 Qe5 46.Qd1+ Kh6 47.Qxb3 Rg3
48.Qb4 Kg6 49.Rc8 Qg7 50.Qb8 Kh6 51.Qf4+ Qg5 52.Qf2 Re3 53.Rc6 f4 54.Rc4 
e5 55.Rc6+ Kh5 56.Qd2 Qg3 57.Qd1+ f3 58.Rc2 Re1+ 0-1

[Event "N4A2 Tarbes - Condom 2"]
[Site "?"]
[Date "2003.11.16"]
[Round "2.8"]
[White "Dargagnon, Sylvain"]
[Black "Carassus, Jean-Louis"]
[Result "0-1"]
[WhiteElo "1500"]
[BlackElo "1670"]
[EventDate "2003.??.??"]
[PlyCount "82"]

1.e4 e5 2.Nf3 Nc6 3.Nc3 Be7 4.Bc4 Nf6 5.O-O O-O 6.d3 d6 7.Re1 Bg4 8.Be3 
Na5 9.Bb3 Nh5 10.h3 Bxf3 11.Qxf3 Nf6 12.Bd2 Nxb3 13.axb3 c6 14.Ne2 d5 15.
Ng3 Qd7 16.Red1 Qe6 17.c4 a6 18.Nf5 Bc5 19.g4 Rad8 20.g5 dxe4 21.dxe4 Ne8 
22.Kg2 Nd6 23.Qg4 Bd4 24.Rab1 c5 25.h4 Kh8 26.f3 f6 27.gxf6 g6 28.Bh6 Nxf5
29.exf5 Qxf6 30.Bxf8 Rxf8 31.fxg6 hxg6 32.Rh1 e4 33.Qxe4 Rf7 34.h5 g5 35.
h6 Re7 36.Qc2 Re3 37.Rbf1 Qe6 38.Rf2 g4 39.f4 Qc6+ 40.Kh2 Rh3+ 41.Kg1 
Rxh1# 0-1

[Event "N4A2 Tarbes - Condom 2"]
[Site "?"]
[Date "2003.11.16"]
[Round "2.7"]
[White "Lacomme, Christophe"]
[Black "Porche, Christian"]
[Result "1-0"]
[WhiteElo "1760"]
[BlackElo "1640"]
[EventDate "2003.??.??"]
[PlyCount "89"]

1.d4 d5 2.Bf4 Nf6 3.e3 Bf5 4.Bd3 Bxd3 5.Qxd3 Nc6 6.Nf3 e6 7.c3 Bd6 8.Bg3 
O-O 9.Nbd2 Re8 10.Ne5 Bxe5 11.dxe5 Nd7 12.Nf3 a6 13.h3 Nc5 14.Qe2 Ne4 15.
Bh2 Ng5 16.O-O Nxf3+ 17.Qxf3 Qg5 18.Qf4 Qxf4 19.Bxf4 Ne7 20.g4 c5 21.Rad1 
Rad8 22.Bg3 Nc6 23.f4 b5 24.Rd2 f6 25.Bh4 Kf7 26.g5 fxg5 27.Bxg5 Rd7 28.e4
d4 29.cxd4 Nxd4 30.Kg2 a5 31.Rc1 Rc8 32.b3 Kg6 33.Bh4 Rcc7 34.Bf2 h6 35.
Bxd4 cxd4 36.Rdc2 Rxc2+ 37.Rxc2 d3 38.Rd2 Kh5 39.Kf3 Kh4 40.Ke3 Kxh3 41.
Rxd3 Rxd3+ 42.Kxd3 Kg4 43.f5 Kg5 44.fxe6 Kg6 45.Ke3 1-0

[Event "N4A2 Tarbes - Condom 2"]
[Site "?"]
[Date "2003.11.16"]
[Round "2.6"]
[White "Calatrava, Julian"]
[Black "Martinez, Benito"]
[Result "1-0"]
[WhiteElo "1670"]
[BlackElo "1760"]
[EventDate "2003.??.??"]
[PlyCount "84"]

1.e4 e5 2.Nf3 Nc6 3.Bb5 Bc5 4.c3 Nge7 5.O-O O-O 6.d4 exd4 7.cxd4 Bb6 8.d5 
Nb8 9.Bg5 f6 10.Bh4 d6 11.Nc3 Nd7 12.Qe2 Ng6 13.Bg3 a6 14.Bd3 Nde5 15.Nxe5
Nxe5 16.Bxe5 fxe5 17.Nd1 Rf4 18.Ne3 Qg5 19.Kh1 Bd7 20.g3 Rf7 21.h4 Qg6 22.
Nf5 Raf8 23.g4 h6 24.f4 Qh7 25.fxe5 dxe5 26.d6 g6 27.dxc7 gxf5 28.exf5 
Bc6+ 29.Kh2 Bxc7 30.Bc4 Kh8 31.Bxf7 Qxf7 32.Qe3 e4+ 33.Kh3 Qg7 34.g5 Qe5 
35.g6 Kg7 36.Kg4 h5+ 37.Kxh5 Rh8+ 38.Kg4 Bd8 39.Rh1 Qxb2 40.Rag1 Bb6 41.
f6+ Qxf6 42.Qe1 Qf3+ 1-0

[Event "N4A2 Tarbes - Condom 2"]
[Site "?"]
[Date "2003.11.16"]
[Round "2.5"]
[White "Phalippou, Philippe"]
[Black "Rauzières, Guy"]
[Result "1/2-1/2"]
[WhiteElo "1800"]
[BlackElo "1840"]
[EventDate "2003.??.??"]
[PlyCount "114"]

1.e4 d5 2.e5 d4 3.Bb5+ c6 4.Bc4 e6 5.b3 Qg5 6.Nf3 Qd8 7.Bb2 c5 8.b4 a6 9.
a4 Nc6 10.b5 Nb4 11.c3 dxc3 12.dxc3 Qxd1+ 13.Kxd1 Nd5 14.bxa6 bxa6 15.Nbd2
Nge7 16.Kc2 Nc6 17.Ba3 Nb6 18.Bb3 Na5 19.c4 Bd7 20.Bb2 Rb8 21.Kc3 Nxb3 22.
Nxb3 Nxa4+ 23.Kc2 Nxb2 24.Kxb2 Bc8 25.Nd2 Be7 26.Kc3 f5 27.Ra5 O-O 28.Nxc5
g5 29.Rb1 Rxb1 30.Nxb1 Bd8 31.Ra2 Bb6 32.Nd3 Rd8 33.c5 Bc7 34.Na3 Rd5 35.
Nc4 Kf8 36.Ne3 Rd8 37.f3 h5 38.Nc4 Bb7 39.Nd6 Bxd6 40.exd6 g4 41.Ne5 Ke8 
42.d7+ Rxd7 43.Nxd7 Kxd7 44.f4 Kc7 45.Kd4 Bc6 46.Rxa6 Bxg2 47.Rxe6 h4 48.
Rh6 h3 49.Rf6 g3 50.hxg3 h2 51.Rh6 h1=Q 52.Rxh1 Bxh1 53.Ke5 Be4 54.g4 Kc6 
55.gxf5 Bd5 56.Kf6 Kxc5 57.Ke7 Kd4 1/2-1/2

[Event "N4A2 Tarbes - Condom 2"]
[Site "?"]
[Date "2003.11.16"]
[Round "2.4"]
[White "Pagnoncelli, Hervé"]
[Black "Delage, Laurent"]
[Result "0-1"]
[WhiteElo "1870"]
[BlackElo "1870"]
[EventDate "2003.??.??"]
[PlyCount "118"]

1.d4 d5 2.Nf3 Nf6 3.c4 e6 4.Nc3 c6 5.e3 Be7 6.Bd3 dxc4 7.Bxc4 b5 8.Bd3 Bb7
9.e4 b4 10.Na4 Nbd7 11.O-O c5 12.e5 Nd5 13.Nxc5 Nxc5 14.dxc5 Bxc5 15.Bb5+ 
Kf8 16.Bg5 Qb6 17.Qe2 h6 18.Bd2 g5 19.Rac1 Nf4 20.Qc4 Rc8 21.Bxb4 Bxb4 22.
Qxb4+ Kg7 23.Qa4 a6 24.Bc4 Nh3+ 25.gxh3 Bxf3 26.Rc3 Bc6 27.Qb3 Qd4 28.Bxa6
Ba4 29.Qa3 Rc6 30.Be2 Rhc8 31.Qe7 Qxe5 32.Bh5 R6c7 33.Rxc7 Rxc7 34.Qb4 Bc6
35.Qc3 Qxc3 36.bxc3 Bd5 37.a4 Rxc3 38.Ra1 Rxh3 39.Bg4 Rc3 40.a5 Rc7 41.Kf1
f5 42.Be2 f4 43.Bd3 Kf6 44.Ra4 e5 45.Rb4 f3 46.Rb6+ Ke7 47.Ke1 e4 48.Bb5 
Rc2 49.Rxh6 Bc4 50.Bxc4 Rxc4 51.Rg6 Rc5 52.a6 Kf7 53.Rh6 Kg7 54.Re6 Ra5 
55.Kd2 Ra2+ 56.Ke3 Re2+ 57.Kd4 Rxf2 58.Rxe4 Ra2 59.a7 f2 0-1

[Event "N4A2 Tarbes - Condom 2"]
[Site "?"]
[Date "2003.11.16"]
[Round "2.3"]
[White "Langlois, Jérôme"]
[Black "Aspinall, John"]
[Result "0-1"]
[WhiteElo "1890"]
[BlackElo "1860"]
[EventDate "2003.??.??"]
[PlyCount "82"]

1.e4 d6 2.d4 Nf6 3.Nc3 c6 4.Nf3 Bg4 5.Be2 Nbd7 6.O-O e5 7.Be3 Be7 8.h3 Bh5
9.Nh2 Bg6 10.Bd3 O-O 11.Nf3 Bh5 12.Be2 Qc7 13.Qe1 b5 14.a3 a6 15.Nd2 Bxe2 
16.Qxe2 d5 17.Rad1 dxe4 18.Ndxe4 Nxe4 19.Nxe4 f5 20.Ng5 Bxg5 21.Bxg5 h6 
22.Bc1 Rae8 23.Qf3 e4 24.Qf4 Qxf4 25.Bxf4 g5 26.Bc1 Nb6 27.Rfe1 Nd5 28.Re2
Re7 29.Rde1 Rfe8 30.h4 f4 31.hxg5 hxg5 32.Bd2 Kf7 33.b3 g4 34.Bb4 Nxb4 35.
axb4 Kf6 36.Ra1 Ra8 37.c3 f3 38.Rea2 e3 39.gxf3 e2 40.Re1 gxf3 41.Kh2 Rg8 
0-1

[Event "N4A2 Tarbes - Condom 2"]
[Site "?"]
[Date "2003.11.16"]
[Round "2.2"]
[White "Vitrou, Jonathan"]
[Black "Varmot, Jean-Jacques"]
[Result "1/2-1/2"]
[WhiteElo "1870"]
[BlackElo "1920"]
[EventDate "2003.??.??"]
[PlyCount "100"]

1.e4 c5 2.Nf3 d6 3.d4 cxd4 4.Nxd4 a6 5.Be3 Nf6 6.Nc3 g6 7.Bc4 Bg7 8.Bb3 
O-O 9.O-O Nc6 10.h3 Bd7 11.Qd2 Rc8 12.Rfe1 Ne5 13.Qe2 b5 14.Rad1 Nc4 15.
Bc1 Rc5 16.Nf3 Qc8 17.Nd5 Nxd5 18.exd5 e5 19.dxe6 Bxe6 20.Nd4 Re5 21.Qd3 
Rd5 22.Qe4 Re5 23.Qd3 Rxe1+ 24.Rxe1 d5 25.Nxe6 fxe6 26.Bxc4 bxc4 27.Qa3 
Bd4 28.Be3 Bg7 29.c3 e5 30.Qd6 Rd8 31.Qb6 d4 32.Bd2 d3 33.Re4 Rf8 34.Qb4 
Qf5 35.Qxc4+ Kh8 36.Qxd3 Qxf2+ 37.Kh1 Qf1+ 38.Qxf1 Rxf1+ 39.Kh2 Rf2 40.Bc1
Rc2 41.Re1 Kg8 42.Kg3 Kf7 43.Kf3 Ke6 44.g4 Bf8 45.Ke4 Bc5 46.Kd3 Rh2 47.
Kc4 Bd6 48.Re3 Rc2 49.Re1 Rh2 50.Re3 Rc2 1/2-1/2